| 000 | 01150cam a2200277 a 4500 | ||
|---|---|---|---|
| 005 | 20200104041555.0 | ||
| 008 | 060813s2003 sz ab b i001 0 eng | ||
| 020 | _a2831702216 | ||
| 040 |
_aUKM _cUKM _dDLC _dCO-BoIAVH |
||
| 041 | 0 | _aeng | |
| 044 | _asz | ||
| 082 | 0 | 0 |
_a577.27 _bB47l |
| 100 | 1 |
_aBennett, Andrew F. _eautor |
|
| 245 | 1 | 0 |
_aLinkages in the landscape : _bthe role of corridors and connectivity in wildlife conservation / _cAndrew F. Bennett. |
| 260 |
_aGland, Suiza : _bIUCN--the World Conservation Union, _c2003. |
||
| 300 |
_axiv, 254 páginas : _bilustraciones y mapas ; _c25 x 16 cm. |
||
| 490 | 0 |
_aConserving forest ecosystem series ; _v1 |
|
| 500 | _aEn el encabezado del título: The IUCN Forest Conservation Programme | ||
| 504 | _aIncluye referencias bibliográficas: páginas 205-240, e índice. | ||
| 650 | 1 | 6 |
_aRutas _xEcología |
| 650 | 2 | 6 | _aConservación de la naturaleza |
| 650 | 2 | 4 | _aConservación de la vida silvestre |
| 710 | 2 | _aInternational Union for Conservation of Nature and Natural Resources. | |
| 710 | 2 | _aIUCN Forest Conservation Programme. | |
| 942 |
_2ddc _cLIBRO |
||
| 999 |
_c5029 _d5029 |
||